000 00633nam a2200181 4500
008 171116b xxu||||| |||| 00| 0 eng d
020 _a0-02-320592-x
082 _21996
_aDC 364
_bC35d
100 _923414
_aChampion, Dean J., author.
245 _aProbation, parole, and community corrections/
_cDean J. Champion.
250 _aSecond Edition.
260 _aNew Jersey:
_bPrentice Hall,
_c©1996.
300 _axv, 688 pages:
_bIllustrations;
_c23 cm.
500 _aIncludes bibliographical references, glossary, and index.
650 0 _923417
_aProbation
_zUnited States
650 0 _923418
_aParole
_zUnited States
942 _2ddc
_cDC
999 _c7765
_d7765